[Event "FRA-chT U20a 0405"]
[Site "France"]
[Date "2005.05.14"]
[Round "8.4"]
[White "Courtois, Matthieu"]
[Black "Gabriel, Florent"]
[Result "1-0"]
[WhiteElo "1570"]
[BlackElo "1690"]
[PlyCount "131"]
[EventDate "2004.11.19"]
[EventType "team-tourn"]
[EventRounds "11"]
[EventCountry "FRA"]
[SourceTitle "EXT 2006"]
[Source "ChessBase"]
[SourceDate "2005.11.24"]
[SourceVersion "1"]
[SourceVersionDate "2005.11.24"]
[SourceQuality "1"]

1. d4 d5 2. c4 c6 3. Nf3 Nf6 4. e3 a6 5. Bd3 b5 6. cxb5 cxb5 7. 0-0 Nbd7 8. Nbd2 Bb7 9. Qe2 Ne4 10. Nb3 e6 11. Bd2 b4 12. Ne5 Nxe5 13. dxe5 Nc5 14. Nxc5 Bxc5 15. Rac1 Qb6 16. Qg4 g6 17. Rc2 Kd7 18. e4 Rac8 19. Qf3 dxe4 20. Bxe4 Bxe4 21. Qxe4 Qc6 22. Qd3+ Qd5 23. Qxd5+ exd5 24. Rfc1 Be7 25. Be3 Rxc2 26. Rxc2 Rb8 27. b3 Rb5 28. f3 Bd8 29. Kf2 f6 30. Bd4 fxe5 31. Bxe5 Bb6+ 32. Ke2 Ke6 33. Bg3 Bc5 34. Kd3 Kf5 35. Re2 Kf6 36. Re8 Kf7 37. Rd8 Be7 38. Rc8 Ra5 39. Rc2 Bf6 40. Bc7 Rb5 41. Bf4 Bc3 42. Re2 d4 43. Be5 Rd5 44. Re4 Ra5 45. Bxd4 Bxd4 46. Rxd4 Rxa2 47. Rxb4 Rxg2 48. Rb7+ Kg8 49. Rb8+ Kg7 50. Ra8 Ra2 51. b4 Ra4 52. Kc3 Ra3+ 53. Kc4 Rxf3 54. Rxa6 Rf2 55. Ra3 Rc2+ 56. Kd3 Rxh2 57. Kc4 h5 58. Rb3 Rf2 59. b5 Rf8 60. b6 Rc8+ 61. Kd5 Rd8+ 62. Kc6 Rc8+ 63. Kd7 Rc1 64. b7 Rd1+ 65. Kc7 Rc1+ 66. Kb6 1-0

[Event "FRA-ch op-A U18"]
[Site "Calvi"]
[Date "2005.04.??"]
[Round "7"]
[White "Gabriel, Florent"]
[Black "Sabo Benke, Daniel"]
[Result "1-0"]
[WhiteElo "1810"]
[BlackElo "1620"]
[PlyCount "63"]
[EventDate "2005.04.??"]
[EventType "swiss"]
[EventRounds "9"]
[EventCountry "FRA"]
[SourceTitle "EXT 2006"]
[Source "ChessBase"]
[SourceDate "2005.11.24"]
[SourceVersion "1"]
[SourceVersionDate "2005.11.24"]
[SourceQuality "1"]

1. d4 Nf6 2. c4 g6 3. Nc3 d5 4. cxd5 Nxd5 5. Bd2 Bg7 6. Nf3 Nc6 7. Nxd5 Qxd5 8. Bc3 0-0 9. e3 Bg4 10. Be2 Rad8 11. 0-0 e5 12. h3 exd4 13. Nxd4 Bxe2 14. Nxe2 Qc4 15. Qe1 Ne5 16. b3 Qh4 17. Bd4 Rfe8 18. Qc3 Qe7 19. Rfe1 f6 20. Rac1 c6 21. f4 Nd7 22. Ng3 f5 23. Qc4+ Kh8 24. a4 a6 25. Kh2 Bxd4 26. exd4 Qd6 27. Re2 Qxf4 28. Rce1 Rxe2 29. Rxe2 Nf6 30. Qf7 Ne4 31. Rxe4 Qd6 32. Re7 1-0

[Event "FRA-chT U20 0304"]
[Site "France"]
[Date "2004.05.01"]
[Round "9"]
[White "Desnoes, Fabien"]
[Black "Gabriel, Florent"]
[Result "0-1"]
[WhiteElo "1640"]
[BlackElo "1720"]
[PlyCount "80"]
[EventDate "2003.11.??"]
[EventType "team-tourn"]
[EventRounds "11"]
[EventCountry "FRA"]
[SourceTitle "EXT 2005"]
[Source "ChessBase"]
[SourceDate "2004.11.15"]
[SourceVersion "1"]
[SourceVersionDate "2004.11.15"]
[SourceQuality "1"]
[WhiteTeam "Sautron"]
[BlackTeam "Cannes"]
[WhiteTeamCountry "FRA"]
[BlackTeamCountry "FRA"]

1. e4 c5 2. Nf3 d6 3. d4 cxd4 4. Nxd4 Nf6 5. Nc3 a6 6. f3 b5 7. Nb3 Bb7 8. Be3 e6 9. g4 Nfd7 10. h4 Qc7 11. Qd2 Ne5 12. Be2 b4 13. Nd1 d5 14. f4 Nc4 15. Qd4 Nxe3 16. Qxe3 Qxc2 17. Bf3 Qc4 18. Rc1 Qb5 19. Rc7 Bd6 20. Be2 Qxe2+ 21. Kxe2 Bxc7 22. exd5 Bxd5 23. Rf1 Bc4+ 24. Kf2 Bxf1 25. Kxf1 0-0 26. Nf2 a5 27. Qe4 Nd7 28. Nd3 Nf6 29. Qc6 Nd5 30. f5 a4 31. Nbc5 a3 32. b3 Bb6 33. Na4 Rac8 34. Qb5 Rb8 35. Nxb6 Rxb6 36. Qc5 Rbb8 37. Ke1 Rfd8 38. fxe6 fxe6 39. Qc6 Rb6 40. Qc4 Rb7 0-1

[Event "FRA-chT U20 0304"]
[Site "France"]
[Date "2004.05.01"]
[Round "10"]
[White "Dubessay, Bastien"]
[Black "Gabriel, Florent"]
[Result "1-0"]
[WhiteElo "1830"]
[BlackElo "1720"]
[PlyCount "41"]
[EventDate "2003.11.??"]
[EventType "team-tourn"]
[EventRounds "11"]
[EventCountry "FRA"]
[SourceTitle "EXT 2005"]
[Source "ChessBase"]
[SourceDate "2004.11.15"]
[SourceVersion "1"]
[SourceVersionDate "2004.11.15"]
[SourceQuality "1"]
[WhiteTeam "AECE"]
[BlackTeam "Cannes"]
[WhiteTeamCountry "FRA"]
[BlackTeamCountry "FRA"]

1. d4 Nf6 2. c4 g6 3. Nc3 d5 4. cxd5 Nxd5 5. e4 Nxc3 6. bxc3 Bg7 7. Nf3 0-0 8. Rb1 c5 9. Be2 Nc6 10. d5 Bxc3+ 11. Bd2 Bxd2+ 12. Qxd2 Nd4 13. Nxd4 cxd4 14. 0-0 a6 15. a4 Rb8 16. Qxd4 b6 17. Rfc1 Qd7 18. Rc6 b5 19. axb5 axb5 20. Rb6 Qa7 21. Rxg6+ 1-0